Soporte nutricional especial. (Registro nro. 166)
[ vista simple ]
| 000 -LEADER | |
|---|---|
| fixed length control field | 00831 am a2200241 a 4500 |
| 005 - FECHA ULTIMA MODIFICACION | |
| control field | 20240522114023.0 |
| 008 - CAMPO DE CONTROL (LIBRO) | |
| fixed length control field | 100322s1996||||ag d f |||| 001 0 spa d |
| 020 ## - INTERNATIONAL STANDARD BOOK NUMBER | |
| ISBN | 9500614995 |
| 041 ## - CODIGO DE IDIOMA | |
| Código de idioma del texto/pista de sonido o título separado | spa |
| 092 ## - SIGNATURA TOPOGRAFICA DEWEY LOCAL | |
| número de clasificación | 612.3 |
| libristica | 53 |
| sección | MOR |
| 100 1# - ENTRADA PRINCIPAL--NOMBRE PERSONAL | |
| Nombre personal | Mora, Rafael J. F. |
| 9 (RLIN) | 456 |
| 245 ## - TITULO PROPIAMENTE DICHO | |
| Título | Soporte nutricional especial. |
| Número de la parte/sección de la obra | T.3 / |
| Mención de responsabilidad y remanente de la transcripción de la portada | Rafael J. F. Mora. |
| 250 ## - MENCION DE EDICION | |
| Mención de edición | 1a ed. |
| 260 ## - PIE DE IMPRENTA | |
| Lugar de publicación, distribución, etc | Buenos Aires: |
| Nombre de la editorial, distribuidor, etc | Editorial Médica Panamericana; |
| Fecha de publicación | 1996. |
| 300 ## - DESCRIPCION FISICA | |
| Extension | 50-204 p. |
| 500 ## - NOTA GENERAL | |
| Nota general | Mora, R. J. F. (1996). Soporte nutricional especial. T.3 (1a ed.). Buenos Aires : Editorial Médica Panamericana. |
| 653 ## - TÉRMINO INDIZADO - PALABRAS CLAVES | |
| Palabra clave | Nutrición |
| 653 ## - TÉRMINO INDIZADO - PALABRAS CLAVES | |
| Palabra clave | Bases bioquimicas del metabolismo energético y proteico |
| 653 ## - TÉRMINO INDIZADO - PALABRAS CLAVES | |
| Palabra clave | Principios de soporte nutricional |
| 653 ## - TÉRMINO INDIZADO - PALABRAS CLAVES | |
| Palabra clave | Estados metabolicos especiales y su manejo |
| 930 ## - NUMERO DE INVENTARIO | |
| Número de inventario | 1967 |
| 942 ## - ADDED ENTRY ELEMENTS (KOHA) | |
| Source of classification or shelving scheme | Dewey Decimal Classification |
| Item type | Libros |
| Estado de retiro | Existencia | Estado general | No para prestamo | Ubicación permanente | ubicación actual | Sala de ubicación | Fecha de adquisición | Total Checkouts | Número de clasificación | Código de barras | Date last seen | Número de ejemplar | Price effective from | Koha tipo de elemento (item) |
|---|---|---|---|---|---|---|---|---|---|---|---|---|---|---|
| Biblioteca Medicina | Biblioteca Medicina | Circulación | 13/05/2011 | 612.3 53 MOR | 1967 | 06/11/2014 | ej.1 | 13/05/2011 | Libros |